033_ Personnalités nées un 2 février par images - Statistiques

Statistiques générales
  • Ce quiz a été pris 56 fois
  • Le résultat moyen est 4 sur 9
Statistiques - réponses
Par images Hint Réponse % Correct
Youtubeur Inoxtag
93%
Dirigeant Politique Valéry Giscard d'Estaing
93%
Chanteuse Shakira
89%
Politicienne Christiane Taubira
72%
Humoriste Vincent Dedienne
48%
Militaire Jean de Lattre de Tassigny
9%
Politicien Charles-Maurice de Talleyrand-Périgord
6%
Acteur Jean-Michel Dupuis
4%
Religieux Benoît XIII
0%
Aucun quiz correspondant
Distribution des résultats
% des personnes avec chaque résultat
Percentile par nombre de réponses
Votre historique - résultats
Vous n’avez pas pris ce quiz